Revitalizing general education in a time of scarcity : (Record no. 2630)
[ view plain ]
| 000 -LEADER | |
|---|---|
| fixed length control field | 00805nam a22002297a 4500 |
| 003 - CONTROL NUMBER IDENTIFIER | |
| control field | OSt |
| 005 - DATE AND TIME OF LATEST TRANSACTION | |
| control field | 20140310181737.0 |
| 008 - FIXED-LENGTH DATA ELEMENTS--GENERAL INFORMATION | |
| fixed length control field | 130320t xxu||||| |||| 00| 0 eng d |
| 020 ## - INTERNATIONAL STANDARD BOOK NUMBER | |
| International Standard Book Number | 0205262570 |
| 050 ## - LIBRARY OF CONGRESS CALL NUMBER | |
| Classification number | LC 985 |
| Item number | .R454 1997 |
| 082 ## - DEWEY DECIMAL CLASSIFICATION NUMBER | |
| Classification number | TR 378.1 |
| Item number | R48 1997 |
| 100 ## - MAIN ENTRY--PERSONAL NAME | |
| Personal name | Kanter, Sandra L. |
| 9 (RLIN) | 514 |
| 245 ## - TITLE STATEMENT | |
| Title | Revitalizing general education in a time of scarcity : |
| Remainder of title | a navigational chart for administrators and faculty |
| Statement of responsibility, etc | Sandra L. Kanter ... [et al.] |
| 260 ## - PUBLICATION, DISTRIBUTION, ETC. (IMPRINT) | |
| Place of publication, distribution, etc | Boston : |
| Name of publisher, distributor, etc | Allyn and Bacon, |
| Date of publication, distribution, etc | c1997. |
| 300 ## - PHYSICAL DESCRIPTION | |
| Extent | xxvii, 196 p. : |
| Other physical details | ill. ; |
| Dimensions | 24 cm. |
| 521 ## - TARGET AUDIENCE NOTE | |
| Target audience note | |
| 541 ## - IMMEDIATE SOURCE OF ACQUISITION NOTE | |
| -- | 1 |
| 562 ## - COPY AND VERSION IDENTIFICATION NOTE | |
| Number of copies | 1 |
| 650 ## - SUBJECT ADDED ENTRY--TOPICAL TERM | |
| Topical term or geographic name as entry element | General Education |
| General subdivision | United States |
| -- | Case Studies |
| 9 (RLIN) | 515 |
| 650 ## - SUBJECT ADDED ENTRY--TOPICAL TERM | |
| Topical term or geographic name as entry element | Education, Higher--Aims and Objectives |
| General subdivision | United States |
| -- | Case Studies |
| 9 (RLIN) | 516 |
| 942 ## - ADDED ENTRY ELEMENTS (KOHA) | |
| Source of classification or shelving scheme | Library of Congress Classification |
| Koha item type | |
| Call number prefix | |
| Withdrawn status | Lost status | Source of classification or shelving scheme | Damaged status | Home library | Current library | Shelving location | Date acquired | Total Checkouts | Full call number | Barcode | Date last seen | Copy number | Price effective from | Koha item type |
|---|---|---|---|---|---|---|---|---|---|---|---|---|---|---|
| Library of Congress Classification | Luxembourg Library | Luxembourg Library | Teachers Reference Section | 07/15/2013 | LC 985 .R454 1997 | 7899 | 08/13/2013 | 1 | 10/03/2013 | Books |